Uchatar madhamic byabsai sangathan aru banijya paddhati (Record no. 11270)

MARC details
000 -LEADER
fixed length control field 00536nam a22001937a 4500
005 - DATE AND TIME OF LATEST TRANSACTION
control field 20220308133911.0
008 - FIXED-LENGTH DATA ELEMENTS--GENERAL INFORMATION
fixed length control field 220308b ||||| |||| 00| 0 eng d
040 ## - CATALOGING SOURCE
Original cataloging agency IN-DiNC
Transcribing agency IN-DiNC
041 ## - LANGUAGE CODE
Language code of sung or spoken text Assamese
082 ## - DEWEY DECIMAL CLASSIFICATION NUMBER
Classification number 654
100 ## - MAIN ENTRY--PERSONAL NAME
Personal name Bharali Debodas
Relator term Author
245 ## - TITLE STATEMENT
Title Uchatar madhamic byabsai sangathan aru banijya paddhati
Statement of responsibility, etc. by Debodas Bharali
250 ## - EDITION STATEMENT
Edition statement 4th ed.
260 ## - PUBLICATION, DISTRIBUTION, ETC.
Place of publication, distribution, etc. Guwahati
Name of publisher, distributor, etc. Assam books
Date of publication, distribution, etc. 1997
300 ## - PHYSICAL DESCRIPTION
Extent 232p.
700 ## - ADDED ENTRY--PERSONAL NAME
Personal name Sujit Sikdar
Relator term Author
700 ## - ADDED ENTRY--PERSONAL NAME
Personal name Bibekananda Sharma
Relator term Author
942 ## - ADDED ENTRY ELEMENTS (KOHA)
Source of classification or shelving scheme Dewey Decimal Classification
Koha item type Books
Holdings
Withdrawn status Lost status Source of classification or shelving scheme Damaged status Not for loan Collection code Home library Current library Shelving location Date acquired Cost, normal purchase price Total Checkouts Full call number Barcode Date last seen Date last checked out Copy number Price effective from Koha item type
    Dewey Decimal Classification     Commerce Central Library, Naharkatiya College Central Library, Naharkatiya College General Stacks 08/03/2022 45.00 1 654 13465 01/04/2022 08/03/2022 1 08/03/2022 Books

Naharkatiya College © 2020. All rights reserved.

Powered By